000
00225 a2200097 4500
001
32801
100
_a
Hogben, L
245
_a
Mathematics for the million
260
_a
London
_b
George Allen & Unwin
_c
090
_c
21969
_d
21969
942
_a
NUST-CAE
_c
M
_c
13301
999
_c
267874
_d
267874